Loading...
| Beliefs | 8 | 8.75 | 1,350% | 75% | 225% |
| Current Events | 1 | 10.00 | 0% | 600% | 0% |
| Fine Arts - Auditory | 4 | 10.00 | 900% | 150% | 300% |
| Fine Arts - Visual | 4 | 10.00 | 0% | 450% | 150% |
| History - American | 2 | 10.00 | 1,800% | 300% | 0% |
| History - European | 1 | 10.00 | 3,600% | 0% | 0% |
| History - World | 4 | 7.50 | 900% | 150% | 150% |
| Literature - American | 1 | 0.00 | 0% | 0% | 0% |
| Literature - British | 3 | 13.33 | 1,200% | 600% | 0% |
| Literature - European | 1 | 0.00 | 0% | 0% | 0% |
| Other Arts: Visual | 1 | 10.00 | 3,600% | 0% | 0% |
| Other Science: Astronomy | 1 | 10.00 | 0% | 600% | 0% |
| Other Science: Earth Science | 1 | 20.00 | 3,600% | 600% | 0% |
| Other Science: Math | 1 | 10.00 | 0% | 0% | 600% |
| Philosophy | 1 | 10.00 | 3,600% | 0% | 0% |
| Science - Chemistry | 2 | 5.00 | 0% | 0% | 300% |
| Science - Physics | 2 | 15.00 | 1,800% | 600% | 0% |
| Social Science | 5 | 12.00 | 720% | 360% | 240% |
| 5 | 8.00 | 720% | 240% | 120% |